Statistics for NASCAR Drivers in 2012

Click here to take the quiz!

General Stats

  • This quiz has been taken 18 times
  • The average score is 59 of 109

Answer Stats

Team#Driver% Correct
Penske Racing2Brad Keselowski
100%
Joe Gibbs Racing11Denny Hamlin
100%
Earnhardt-Ganassi Racing1Jamie McMurray
100%
Hendrick Motorsports5Kasey Kahne
100%
Stewart-Haas Racing39Ryan Newman
100%
Richard Petty Motorsports43Aric Almirola
89%
Front Row Motorsports34David Ragan
89%
Hendrick Motorsports24Jeff Gordon
89%
Robby Gordon Motorsports7Robby Gordon
89%
Stewart-Haas Racing14Tony Stewart
89%
Roush Fenway Racing99Carl Edwards
78%
Michael Waltrip Racing15Clint Bowyer
78%
Hendrick Motorsports88Dale Earnhardt Jr.
78%
Stewart-Haas Racing10Danica Patrick
78%
Tommy Baldwin Racing37Dave Blaney
78%
Tommy Baldwin Racing10Dave Blaney
78%
Tommy Baldwin Racing36Dave Blaney
78%
Joe Gibbs Racing20Joey Logano
78%
Earnhardt-Ganassi Racing42Juan Pablo Montoya
78%
Richard Childress Racing29Kevin Harvick
78%
Furniture Row Racing78Kurt Busch
78%
Phoenix Racing51Kurt Busch
78%
Joe Gibbs Racing18Kyle Busch
78%
Michael Waltrip Racing55Mark Martin
78%
Roush Fenway Racing17Matt Kenseth
78%
Phil Parsons Racing98Michael McDowell
78%
Michael Waltrip Racing55Michael Waltrip
78%
Hillman Racing40Michael Waltrip
78%
Richard Childress Racing27Paul Menard
78%
Phoenix Racing51AJ Allmendinger
67%
Penske Racing22AJ Allmendinger
67%
Richard Childress Racing33
Austin Dillon
67%
Turner Motorsports50Bill Elliott
67%
NEMCO Motorsports97Bill Elliott
67%
JTG Daugherty Racing47Bobby Labonte
67%
Germain Racing13Casey Mears
67%
Front Row Motorsports38David Gilliland
67%
Roush Fenway Racing16Greg Biffle
67%
Richard Childress Racing31Jeff Burton
67%
Hendrick Motorsports48Jimmie Johnson
67%
Richard Petty Motorsports9Marcos Ambrose
67%
Michael Waltrip Racing56Martin Truex Jr.
67%
Hendrick Motorsports88Regan Smith
67%
Furniture Row Racing78Regan Smith
67%
Phoenix Racing51Regan Smith
67%
FAS Lane Racing32Terry Labonte
67%
BK Racing73Travis Kvapil
67%
BK Racing93Travis Kvapil
67%
Wood Brothers Racing21Trevor Bayne
67%
Michael Waltrip Racing55Brian Vickers
56%
NEMCO Motorsports87Joe Nemechek
56%
Roush Fenway Racing6Ricky Stenhouse Jr.
56%
Penske Racing12Sam Hornish Jr.
56%
Penske Racing22Sam Hornish Jr.
56%
Hamilton Means Racing52Scott Speed
56%
Go Green Racing79Scott Speed
56%
Leavine Family Racing95Scott Speed
56%
Circle Sport33Cole Whitt
44%
Turn One Racing74Cole Whitt
44%
BK Racing73David Reutimann
44%
Xxxtreme Motorsport44David Reutimann
44%
Phoenix Racing51David Reutimann
44%
BK Racing93David Reutimann
44%
Tommy Baldwin Racing10David Reutimann
44%
Robinson-Blakeney Racing49JJ Yeley
44%
Tommy Baldwin Racing10JJ Yeley
44%
Max Q Motorsports37JJ Yeley
44%
Tommy Baldwin Racing36JJ Yeley
44%
Front Row Motorsports26Josh Wise
44%
BK Racing83Landon Cassill
44%
Humphrey Smith Racing19Mike Bliss
44%
FAS Lane Racing32Mike Bliss
44%
R3 Motorsports23Scott Riggs
44%
FAS Lane Racing32TJ Bell
44%
Front Row Motorsports26Tony Raines
44%
Tommy Baldwin Racing10Tony Raines
44%
Hillman Racing40Tony Raines
44%
Circle Sport33Tony Raines
44%
Turn One Racing74Tony Raines
44%
Tommy Baldwin Racing36Tony Raines
44%
FAS Lane Racing32Boris Said
33%
Richard Childress Racing33Elliott Sadler
33%
Richard Childress Racing33Hermie Sadler
33%
Hamilton Means Racing52Mike Skinner
33%
Phil Parsons Racing98Mike Skinner
33%
Go Green Racing79Mike Skinner
33%
Turn One Racing74Reed Sorenson
33%
Humphrey Smith Racing91Reed Sorenson
33%
Go Green Racing79Reed Sorenson
33%
FAS Lane Racing32Reed Sorenson
33%
R3 Motorsports23Robert Richardson Jr.
33%
Circle Sport33Stephen Leicht
33%
Tommy Baldwin Racing10Tomy Drissi
33%
Phil Parsons Racing98David Mayhew
22%
Robinson-Blakeney Racing49Jason Leffler
22%
Humphrey Smith Racing91Jason Leffler
22%
Humphrey Smith Racing19Jason Leffler
22%
Go Green Racing79Kelly Bires
22%
FAS Lane Racing32Ken Schrader
22%
Turn One Racing74Stacy Compton
22%
Richard Childress Racing33Brendan Gaughan
11%
Humphrey Smith Racing19Chris Cook
11%
FAS Lane Racing32Jason White
11%
Humphrey Smith Racing19Jeff Green
11%
Circle Sport33Jeff Green
11%
FAS Lane Racing32Mike Olsen
11%
Go Green Racing79Tim Andrews
11%
FAS Lane Racing32Timmy Hill
11%
NEMCO Motorsports97Timmy Hill
11%

Score Distribution

Percentile by Number Answered

Percent of People with Each Score

Your Score History

You have not taken this quiz